A Study of Understanding HR Processes Through Zoho People and Zoho Recruit at HR Assistance India Consultancy LLP (Record no. 370150)

MARC details
000 -LEADER
fixed length control field 00497nam a22001457a 4500
005 - DATE AND TIME OF LATEST TRANSACTION
control field 20260123171314.0
008 - FIXED-LENGTH DATA ELEMENTS--GENERAL INFORMATION
fixed length control field 260123b |||||||| |||| 00| 0 eng d
041 ## - LANGUAGE CODE
Language code of text/sound track or separate title eng
082 ## - DEWEY DECIMAL CLASSIFICATION NUMBER
Item number MOR
100 ## - MAIN ENTRY--PERSONAL NAME
Author More Sanika- 2k241176 & Dr. Arpita Singh– Guide
245 ## - TITLE STATEMENT
Title A Study of Understanding HR Processes Through Zoho People and Zoho Recruit at HR Assistance India Consultancy LLP
260 ## - PUBLICATION, DISTRIBUTION, ETC.
Place of publication, distribution, etc. Pune
Name of publisher, distributor, etc. Savitribai Phule Pune University
Date of publication, distribution, etc. 2025
300 ## - PHYSICAL DESCRIPTION
Extent 54p
Other physical details Hard Bound
942 ## - ADDED ENTRY ELEMENTS (KOHA)
Koha item type Project Reports
Holdings
Withdrawn status Lost status Source of classification or shelving scheme Damaged status Not for loan Home library Current library Date acquired Total Checkouts Full call number Barcode Date last seen Bill Date Koha item type Original Barcode
    Dewey Decimal Classification     Smt. Hiraben Nanavati Institute of Management & Research for Women Smt. Hiraben Nanavati Institute of Management & Research for Women 23/01/2026   MOR HIMR-PR-884 23/01/2026 23/01/2026 Project Reports PR884